Escuela y campamento /

Guardado en:
Autor Principal: Barbaglia, Edith Alina
Formato: Libro
Publicado: Buenos Aires : Eudeba, 1965
Series:Cuadernos de la primaria, 20
Materias:
Etiquetas: Agregar Etiqueta
Sin Etiquetas, Sea el primero en etiquetar este registro!
LEADER 00501nam a22001815a 4500
001 CEM.cems000831
005 20060210000000.0
008 130507s1965##################000#0#####d
003 CEMS
082 0 4 |a 371.73 
100 1 |a Barbaglia, Edith Alina 
245 1 0 |a Escuela y campamento / 
260 |a Buenos Aires :  |b Eudeba,  |c 1965 
300 |a 45 p. 
490 0 |a Cuadernos de la primaria, 20 
653 |a Campamentos escolares 
653 |a Juego 
859 |a CEMS  |b BIB. CEMS - 11 de abril  |h 371.73  |i B232  |p 7666.80  |t Ej.1